[Event "Challenge"]
[Site "http://www.queenalice.com/game.php?id=116657"]
[Date "2006.10.13"]
[Round "-"]
[White "dan20221"]
[Black "bg"]
[Result "0-1"]
[WhiteElo "1446"]
[BlackElo "1100"]

1. e3 e5 2. Bc4 Nf6 3. Nc3 Bb4 4. Nb5 c6 5. Nd6+ Bxd6 6. Nf3 Bc7 7. Ng5 d5 8.
Bb3 Bf5 9. O-O Ne4 10. Qh5 Nxg5 11. d4 Qf6 12. dxe5 Bxe5 13. e4 Bg6 14. Qxg5 Nd7
15. Qe3 Bxe4 16. c4 O-O 17. cxd5 Rfe8 18. Qxe4 Bxh2+ 19. Kxh2 Rxe4 20. dxc6 Qxc6
21. f3 Re2 22. Rg1 Qd6+ 23. f4 Nc5 24. Bc4 Qh6+ 25. Kg3 Ne4+ 26. Kf3 Qh5+ 27. g4
Qh3+ 28. Kxe2 Re8 29. Be3 Nd6 30. Rh1 Qxe3+ 31. Kd1 Nxc4 32. Rh2 Rd8+ 33. Kc2
Qxf4 34. Rd1 Ne3+ 35. Kb3 Rxd1 36. a3 Qc4# 0-1

[Event "AUTO-INT-207"]
[Site "http://www.queenalice.com/game.php?id=116687"]
[Date "2006.10.13"]
[Round "1"]
[White "fagner"]
[Black "dan20221"]
[Result "1-0"]
[WhiteElo "1423"]
[BlackElo "1239"]

1. d4 Nc6 2. c4 Nf6 3. Nc3 e5 4. Nf3 Nxd4 5. Nxd4 Bb4 6. Nb3 Ng4 7. Bd2 Qf6 8.
Ne4 Qf5 9. Bxb4 Qxe4 10. f3 Qe3 11. fxg4 1-0

[Event "AUTO-INT-207"]
[Site "http://www.queenalice.com/game.php?id=116688"]
[Date "2006.10.13"]
[Round "1"]
[White "dan20221"]
[Black "fagner"]
[Result "0-1"]
[WhiteElo "1230"]
[BlackElo "1432"]

1. Nc3 d5 2. e4 c6 3. d4 dxe4 4. Nxe4 Bf5 5. f3 e6 6. Ng5 h6 7. N5h3 Nf6 8. Bc4
c5 9. Bb5+ Nbd7 10. dxc5 Qa5+ 0-1

[Event "AUTO-INT-207"]
[Site "http://www.queenalice.com/game.php?id=116703"]
[Date "2006.10.13"]
[Round "1"]
[White "dan20221"]
[Black "bg"]
[Result "0-1"]
[WhiteElo "1308"]
[BlackElo "1633"]

1. Nc3 e5 2. e4 Nf6 3. g3 Nc6 4. Nf3 Bc5 5. Bc4 d6 6. Ng5 Be6 7. b3 Bxc4 8. bxc4
Bd4 9. Rb1 Ng4 10. O-O Qxg5 11. d3 Qh5 12. Re1 Qxh2+ 13. Kf1 Qxf2# 0-1

[Event "AUTO-INT-207"]
[Site "http://www.queenalice.com/game.php?id=116704"]
[Date "2006.10.13"]
[Round "1"]
[White "bg"]
[Black "dan20221"]
[Result "1-0"]
[WhiteElo "1713"]
[BlackElo "1222"]

1. e4 e6 2. Nf3 Nf6 3. Nc3 Bc5 4. d4 Bb6 5. Bg5 h6 6. Bh4 g5 7. Bg3 e5 8. Bxe5
d6 9. Bg3 Ba5 10. Bd3 Bg4 11. O-O h5 12. Nxg5 Rf8 13. f3 Bd7 14. Qd2 h4 15. Bxh4
c6 16. Rae1 Na6 17. e5 1-0

[Event "AUTO-INT-207"]
[Site "http://www.queenalice.com/game.php?id=116705"]
[Date "2006.10.13"]
[Round "1"]
[White "dan20221"]
[Black "xavimg"]
[Result "0-1"]
[WhiteElo "1303"]
[BlackElo "1520"]

1. e3 c5 2. d4 Nf6 3. Bb5 a6 4. Bc4 d5 5. Bb3 b5 6. Nf3 c4 7. Ne5 cxb3 8. e4
bxc2 9. Qxc2 Nxe4 10. Qd3 Nf6 11. Qf3 Qc7 12. Bf4 Qc2 13. O-O Qxb2 14. Nc3 Bg4
15. Qg3 Qb4 16. Bg5 Qxd4 17. Rfd1 Bxd1 18. Rxd1 Qb6 19. Qf3 Qe6 20. Re1 Nbd7 21.
Nxd7 Qxe1# 0-1

[Event "AUTO-INT-207"]
[Site "http://www.queenalice.com/game.php?id=116706"]
[Date "2006.10.13"]
[Round "1"]
[White "xavimg"]
[Black "dan20221"]
[Result "1-0"]
[WhiteElo "1511"]
[BlackElo "1325"]

1. d4 Nc6 2. e4 Nf6 3. e5 Ne4 4. d5 Nb4 5. a3 Na6 6. Nf3 e6 7. Qd3 Nec5 8. Qe3
b6 9. Bc4 Be7 10. O-O h6 11. Qf4 Bg5 12. Qg4 O-O 13. Bxg5 hxg5 14. Nxg5 f6 15.
exf6 gxf6 16. Nxe6+ Kf7 17. Nxd8+ Rxd8 18. d6+ Kf8 19. Qg8# 1-0

[Event "Challenge"]
[Site "http://www.queenalice.com/game.php?id=116730"]
[Date "2006.10.13"]
[Round "-"]
[White "dan20221"]
[Black "brendan"]
[Result "1-0"]
[WhiteElo "1340"]
[BlackElo "1364"]

1. e3 Nf6 2. Bc4 e5 3. Qf3 e4 4. Qf4 Nc6 5. Nc3 b5 6. Bxb5 Rb8 7. Bc4 Rb6 8. Nd5
Rb4 9. Nxb4 Nxb4 10. Bb3 Nh5 11. Qxf7# 1-0

[Event "Challenge"]
[Site "http://www.queenalice.com/game.php?id=116742"]
[Date "2006.10.13"]
[Round "-"]
[White "dan20221"]
[Black "zerocool0"]
[Result "0-1"]
[WhiteElo "1254"]
[BlackElo "1527"]

1. Nc3 d5 2. Nf3 Nf6 3. d4 Bf5 4. Bf4 Nc6 5. Nb5 Rc8 6. Ng5 Nb4 7. Rc1 Nxa2 8.
Nxa7 Ra8 9. Ra1 Rxa7 10. e4 dxe4 11. c3 Nd5 12. Bc4 e6 13. Qh5 g6 14. Bb5+ c6
15. Qh4 cxb5 16. Rd1 Qa5 17. b4 Qa4 18. Nxh7 Naxc3 19. Rc1 Qxb4 20. Bd2 Qb2 21.
Nf6+ Kd8 22. Qxh8 Ke7 23. Nh7 Ra8 24. Qf6+ Nxf6 25. Nxf6 Kxf6 26. g4 Bxg4 27.
Rg1 Ra1 0-1